Novela zákona umožnila tvorbu opravných položiek

Od 1. júna 2003 novelizácia rozširuje možnosti uznania odpisu nepremlčaných pohľadávok do daňových výdavkov. Trvalé upustenie od vymáhania nepremlčanej pohľadávky.

Saved in:
Bibliographic Details
Main Author: Dobšovič, Dušan
Format: Book Chapter
Language:Slovak
Subjects:
Tags: Add Tag
No Tags, Be the first to tag this record!

MARC

LEADER 00000naa a2200000 4500
001 r049023
005 20230925124531.2
041 0 |a slo 
044 |a SK 
245 1 0 |a Novela zákona umožnila tvorbu opravných položiek  |c Dušan Dobšovič 
520 |a Od 1. júna 2003 novelizácia rozširuje možnosti uznania odpisu nepremlčaných pohľadávok do daňových výdavkov. Trvalé upustenie od vymáhania nepremlčanej pohľadávky. 
610 2 0 |a položky opravné 
610 2 0 |a pohľadávky 
610 2 0 |a výdavky daňové 
610 2 0 |a novelizácia 
610 2 0 |a úpravy právne 
610 2 0 |a odpisy daňové 
100 1 |a Dobšovič, Dušan